00617nam a2200241Ia 450000500170000000800460001702000180006303700100008104000080009104000080009904000080010704100080011504100080012308400080013110000180013924500840015724500340024126000230027526000090029836500050030736500100031285600530032220260324132131.0008 260324s9999 xx 000 0 eng d a9781351158886 aEBOOK aCRL beng cCRL 2eng aeng qCRL aCarl N. Still 0aEssays in Medieval Philosophy and Theology in Memory of Walter H. Principe, CSB 0bFortresses and Launching Pads bTaylor and Francis c2005 a b59.99 uhttp://www.taylorfrancis.com/books/9781351158886